000 00314nam a22001337a 4500
008 180302b xxu||||| |||| 00| 0 eng d
020 _a9780312258573
041 _aeng
080 _a808
100 _a11
101 _aBIO
245 _aWriting Papers in the Biological Sciences
_cMcMillan, V.E
942 _2udc
_cBK
999 _c44038
_d44038